Titolazione e immagini nella stampa quotidiana (Record no. 78096)
[ view plain ]
| 000 -LEADER | |
|---|---|
| fixed length control field | 01115nam a2200289Ia 4500 |
| 001 - CONTROL NUMBER | |
| control field | H2839 |
| 003 - CONTROL NUMBER IDENTIFIER | |
| control field | IT-RoPAU |
| 008 - FIXED-LENGTH DATA ELEMENTS--GENERAL INFORMATION | |
| fixed length control field | 130308s9999 xx 000 0 und d |
| 040 ## - CATALOGING SOURCE | |
| Original cataloging agency | IT-RoPAU |
| 040 ## - CATALOGING SOURCE | |
| Transcribing agency | IT-RoPAU |
| 041 ## - LANGUAGE CODE | |
| Language code of text/sound track or separate title | ITALIANO |
| 100 ## - MAIN ENTRY--PERSONAL NAME | |
| Personal name | Cicalese Anna |
| 100 ## - MAIN ENTRY--PERSONAL NAME | |
| Miscellaneous information | Codice Aut. SPICS: 55048 |
| 245 ## - TITLE STATEMENT | |
| Title | Titolazione e immagini nella stampa quotidiana |
| 245 ## - TITLE STATEMENT | |
| Remainder of title | Scrivere per Comunicare |
| 250 ## - EDITION STATEMENT | |
| Edition statement | 2a ed. |
| 260 ## - PUBLICATION, DISTRIBUTION, ETC. (IMPRINT) | |
| Place of publication, distribution, etc. | MILANO |
| 260 ## - PUBLICATION, DISTRIBUTION, ETC. (IMPRINT) | |
| Name of publisher, distributor, etc. | Bompiani |
| 260 ## - PUBLICATION, DISTRIBUTION, ETC. (IMPRINT) | |
| Date of publication, distribution, etc. | 2001 [1° Ed.:1999 - Ed.Ling.Originale:1999] |
| 300 ## - PHYSICAL DESCRIPTION | |
| Extent | "17 p. (prefazione: no ; testo: 17 [pagine: 139-155])" |
| 500 ## - GENERAL NOTE | |
| General note | "Titolazione: Funzioni e Caratteristiche, una breve Classificazione, redazione di un Titolo. Rapporto tra immagine e testo . Esercizi: Sulla Valenza del Titolo; Sulle caratteristiche Strutturali: Parole Chiave, Coerenza, Formadi Frase. relazione tra immagine e testo : Dall'Immagine al testo : Esercitazioni Guidate, Esercitazione Aperta, dal testo All'Immagine." |
| 650 ## - SUBJECT ADDED ENTRY--TOPICAL TERM | |
| Topical term or geographic name as entry element | SAGGI DI LINGUISTICA |
| 650 ## - SUBJECT ADDED ENTRY--TOPICAL TERM | |
| Relator term | Codice materia Spics: 3207 |
| 942 ## - ADDED ENTRY ELEMENTS (KOHA) | |
| Koha item type | LIBRO |
| 957 ## - | |
| -- | 1 |
| 999 ## - SYSTEM CONTROL NUMBERS (KOHA) | |
| -- | 1 |
| Withdrawn status | Lost status | Damaged status | Not for loan | Home library | Current library | Date acquired | Total Checkouts | Full call number | Date last seen | Price effective from | Koha item type | Public note |
|---|---|---|---|---|---|---|---|---|---|---|---|---|
| Buone Condizioni | Not For Loan | SPICS-MEDIATECA | SPICS-MEDIATECA | 08/03/2013 | H2839 | 08/03/2013 | 08/03/2013 | LIBRO | Progressivo inserimento: 4691 / N. Volumi: 0 [=Contributo] Copie: 1 / data import: 1 marzo 2013 - By Epidotti, Trombetti, Vaglietti. |